[Event "4NCL (GBR-chT 9394)"]
[Site "Liverpool"]
[Date "1994.03.20"]
[Round "8.2"]
[White "Flear, Glenn C"]
[Black "Harley, Andrew"]
[Result "1-0"]
[WhiteElo "2500"]
[BlackElo "2315"]
[PlyCount "35"]
[EventDate "1994.03.20"]
[EventType "team"]
[EventCountry "ENG"]
[WhiteTeam "Barbican"]
[BlackTeam "Covent Garden"]
[WhiteTeamCountry "ENG"]
[BlackTeamCountry "ENG"]

1. d4 e6 2. c4 Nf6 3. Nc3 Bb4 4. Qc2 O-O 5. a3 Bxc3+ 6. Qxc3 b6 7. Bg5 c5 8.
dxc5 bxc5 9. e3 h6 10. Bh4 g5 11. Bg3 Ne4 12. Qc2 Qa5+ 13. b4 cxb4 14. Qxe4 b3+
15. Kd1 d5 16. cxd5 Bb7 17. Bd3 Rc8 18. Bd6 1-0

[Event "4NCL (GBR-chT 9394)"]
[Site "Liverpool"]
[Date "1994.03.20"]
[Round "8.3"]
[White "Franklin, Michael J"]
[Black "Pritchett, Craig"]
[Result "0-1"]
[WhiteElo "2275"]
[BlackElo "2360"]
[PlyCount "64"]
[EventDate "1994.03.20"]
[EventType "team"]
[EventCountry "ENG"]
[WhiteTeam "Covent Garden"]
[BlackTeam "Barbican"]
[WhiteTeamCountry "ENG"]
[BlackTeamCountry "ENG"]

1. d4 Nf6 2. Nf3 e6 3. e3 c5 4. Nbd2 Nc6 5. c3 b6 6. Bd3 Bb7 7. O-O Be7 8. a3
cxd4 9. exd4 O-O 10. Re1 Qc7 11. Ne4 Nxe4 12. Bxe4 f5 13. Bd3 Na5 14. Bf1 Bd5
15. Ne5 d6 16. Nd3 Nb3 17. Rb1 Nxc1 18. Rxc1 Bg5 19. f4 Bf6 20. Nf2 Rae8 21. c4
Bb7 22. Qd2 e5 23. c5 bxc5 24. fxe5 dxe5 25. dxc5 Rd8 26. Qc2 e4 27. b4 Kh8 28.
c6 Bc8 29. b5 Be5 30. h3 Bd4 31. Kh1 Qg3 32. Re2 Be5 0-1

[Event "4NCL (GBR-chT 9394)"]
[Site "Liverpool"]
[Date "1994.03.20"]
[Round "8.4"]
[White "Kenworthy, Gary"]
[Black "Goldberg, Jeff"]
[Result "1-0"]
[WhiteElo "2285"]
[BlackElo "2088"]
[PlyCount "74"]
[EventDate "1994.03.20"]
[EventType "team"]
[EventCountry "ENG"]
[WhiteTeam "Barbican"]
[BlackTeam "Covent Garden"]
[WhiteTeamCountry "ENG"]
[BlackTeamCountry "ENG"]

1. c4 c5 2. g3 Nf6 3. Bg2 g6 4. Nf3 Bg7 5. d4 cxd4 6. Nxd4 O-O 7. Nc3 Nc6 8.
Nc2 d6 9. O-O Be6 10. b3 Qc8 11. Bb2 Bh3 12. Ne3 Bxg2 13. Kxg2 b6 14. Qd2 Qb7
15. Kg1 Qd7 16. Rac1 Rac8 17. Rfd1 Qh3 18. Ncd5 Nxd5 19. Nxd5 Bxb2 20. Qxb2
Rfe8 21. f4 Qh6 22. Rc3 Qg7 23. Qd2 Red8 24. Re3 Rd7 25. Kg2 Rcd8 26. Rd3 Rb7
27. h4 h5 28. Nc3 Qf6 29. a4 Qe6 30. Nd5 Qg4 31. Re3 Re8 32. Nf6+ exf6 33.
Rxe8+ Kh7 34. Qe3 Rd7 35. Rd2 Na5 36. Rd4 Kg7 37. Rde4 d5 {some possible
ambiguities in the score} 1-0

[Event "4NCL (GBR-chT 9394)"]
[Site "Liverpool"]
[Date "1994.03.20"]
[Round "8.5"]
[White "Dunworth, Chris"]
[Black "Lewis, Andrew P"]
[Result "0-1"]
[WhiteElo "2245"]
[BlackElo "2330"]
[PlyCount "94"]
[EventDate "1994.03.20"]
[EventType "team"]
[EventCountry "ENG"]
[WhiteTeam "Covent Garden"]
[BlackTeam "Barbican"]
[WhiteTeamCountry "ENG"]
[BlackTeamCountry "ENG"]

1. d4 Nf6 2. Bg5 d6 3. Bxf6 exf6 4. e3 g6 5. Bd3 Bg7 6. h4 h5 7. c4 f5 8. Ne2
c5 9. Nbc3 cxd4 10. exd4 Nc6 11. d5 Ne5 12. f4 Ng4 13. Qa4+ Bd7 14. Qb4 O-O 15.
O-O-O Nf2 16. Qxd6 Re8 17. Qc5 Nxd1 18. Kxd1 a6 19. Qb4 a5 20. Qc5 Rc8 21. Qf2
Qe7 22. Kc2 b5 23. cxb5 Qb4 24. a3 Rxe2+ 25. Qxe2 Rxc3+ 26. bxc3 Qxc3+ 27. Kb1
Qa1+ 28. Kc2 Qxh1 29. Kb3 Qa1 30. Qd2 Qd4 31. Kc2 Qb2+ 32. Kd1 Qxa3 33. Qc2
Qa1+ 34. Ke2 Qd4 35. Qc4 a4 36. Qxd4 Bxd4 37. Bc4 a3 38. Kd3 Bxb5 39. Bxb5 a2
40. Kxd4 a1=Q+ 41. Kc5 Qa7+ 42. Kc6 Kf8 43. d6 Ke8 44. g3 Kd8 45. Bc4 Qa4+ 46.
Kd5 Kd7 47. Kc5 Qa3+ 0-1

[Event "4NCL (GBR-chT 9394)"]
[Site "Liverpool"]
[Date "1994.03.20"]
[Round "8.6"]
[White "Byway, Paul"]
[Black "Burrows, Martin"]
[Result "1-0"]
[WhiteElo "2295"]
[BlackElo "1952"]
[PlyCount "48"]
[EventDate "1994.03.20"]
[EventType "team"]
[EventCountry "ENG"]
[WhiteTeam "Barbican"]
[BlackTeam "Covent Garden"]
[WhiteTeamCountry "ENG"]
[BlackTeamCountry "ENG"]

1. c4 Nf6 2. Nc3 e5 3. Nf3 Nc6 4. d4 e4 5. Ng5 Bb4 6. e3 Bxc3+ 7. bxc3 h6 8.
Nh3 d6 9. Nf4 O-O 10. Be2 Ne7 11. h4 g6 12. g4 Kg7 13. Bb2 c5 14. Qc2 Nxg4 15.
Qxe4 Bf5 16. Qg2 Qb6 17. O-O-O cxd4 18. Bxg4 dxc3 19. Bxc3+ Kh7 20. Bxf5 Nxf5
21. h5 Rac8 22. hxg6+ Kg8 23. gxf7+ Kxf7 24. Qg6+ Ke7 1-0

[Event "4NCL (GBR-chT 9394)"]
[Site "Liverpool"]
[Date "1994.03.20"]
[Round "8.8"]
[White "Regan, Natasha"]
[Black "Kelly, Paul"]
[Result "1/2-1/2"]
[WhiteElo "2140"]
[BlackElo "1808"]
[PlyCount "166"]
[EventDate "1994.03.20"]
[EventType "team"]
[EventCountry "ENG"]
[WhiteTeam "Barbican"]
[BlackTeam "Covent Garden"]
[WhiteTeamCountry "ENG"]
[BlackTeamCountry "ENG"]

1. f4 g6 2. Nf3 c6 3. g3 d5 4. Bg2 Bg7 5. c4 dxc4 6. Qc2 Qd5 7. Nc3 Qa5 8. Ne4
Qa6 9. Ne5 Bxe5 10. fxe5 Bf5 11. Qc3 Bxe4 12. Bxe4 e6 13. b3 cxb3 14. axb3 Qb6
15. d4 Na6 16. O-O Rd8 17. Qf3 Rd7 18. Be3 Qc7 19. Rxa6 bxa6 20. Bxc6 Kf8 21.
Bxd7 Qxd7 22. Ra1 Qb5 23. Bg5 h6 24. Qa8+ Kg7 25. Bf6+ Nxf6 26. exf6+ Kh7 27.
Qxa7 Rf8 28. Qxa6 Qxb3 29. Qa3 Qb8 30. Kf2 Kg8 31. Qe3 Kh7 32. h4 Rd8 33. Qe4
Rd5 34. Kg2 Qd8 35. Qf3 Rf5 36. Qe3 Qxf6 37. Rc1 Kg7 38. Rc5 Rf1 39. Qe5 Rd1
40. Qxf6+ Kxf6 41. e3 h5 42. Kf2 Rd2+ 43. Kf3 Ra2 44. Rc7 Ra4 45. Ke4 Ra1 46.
Kf3 g5 47. hxg5+ Kxg5 48. Rc8 Rf1+ 49. Kg2 Rf6 50. e4 Rg6 51. Rf8 Kf6 52. Kf3
Kg7 53. Rc8 Rf6+ 54. Ke3 Rf1 55. Ke2 Ra1 56. Kf3 Ra3+ 57. Kf4 Rd3 58. Rc5 Rxd4
59. Ke3 Ra4 60. Rxh5 Kg6 61. Rb5 f6 62. Rb8 Ra1 63. Rg8+ Kf7 64. Rb8 Ke7 65.
Rb7+ Kd6 66. Rb6+ Kd7 67. Rb7+ Kc6 68. Rf7 Kd6 69. Rxf6 Ke5 70. Rg6 Ra3+ 71.
Kf2 Ra4 72. Rg5+ Kd4 73. Rg8 e5 74. g4 Kxe4 75. g5 Ra2+ 76. Kg3 Ke3 77. g6 e4
78. Re8 Ra6 79. Rg8 Ke2 80. Kf4 e3 81. g7 Ra7 82. Kf5 Kf2 83. Kg6 Rxg7+ 1/2-1/2

[Event "4NCL (GBR-chT 9394)"]
[Site "Liverpool"]
[Date "1994.03.20"]
[Round "8.1"]
[White "Arkell, Keith C"]
[Black "Hennigan, Michael"]
[Result "1/2-1/2"]
[WhiteElo "2460"]
[BlackElo "2415"]
[PlyCount "55"]
[EventDate "1994.03.20"]
[EventType "team"]
[EventCountry "ENG"]
[WhiteTeam "North West Eagles"]
[BlackTeam "Bristol"]
[WhiteTeamCountry "ENG"]
[BlackTeamCountry "ENG"]

1. d4 Nf6 2. Nf3 g6 3. c4 Bg7 4. g3 O-O 5. Bg2 d6 6. O-O Nc6 7. Nc3 e5 8. dxe5
dxe5 9. Bg5 Be6 10. Nd5 Bxd5 11. cxd5 Qxd5 12. Qxd5 Nxd5 13. Nxe5 Nxe5 14. Bxd5
c6 15. Bb3 a5 16. Rad1 a4 17. Bc2 Rfe8 18. b3 axb3 19. Bxb3 b5 20. Rc1 Nc4 21.
Bxc4 bxc4 22. Rxc4 Rxe2 23. a4 Ra2 24. Rd1 h6 25. Rd8+ Rxd8 26. Bxd8 c5 27. Bb6
Bd4 28. Bxc5 1/2-1/2

[Event "4NCL (GBR-chT 9394)"]
[Site "Liverpool"]
[Date "1994.03.20"]
[Round "8.2"]
[White "Ansell, Simon T"]
[Black "Horner, Jeff"]
[Result "1-0"]
[WhiteElo "2290"]
[BlackElo "2384"]
[PlyCount "75"]
[EventDate "1994.03.20"]
[EventType "team"]
[EventCountry "ENG"]
[WhiteTeam "Bristol"]
[BlackTeam "North West Eagles"]
[WhiteTeamCountry "ENG"]
[BlackTeamCountry "ENG"]

1. e4 e5 2. Nf3 Nc6 3. Bc4 Bc5 4. d3 Nf6 5. Nc3 d6 6. Bg5 h6 7. Bxf6 Qxf6 8.
Nd5 Qd8 9. c3 a6 10. d4 Ba7 11. dxe5 dxe5 12. Qe2 Bc5 13. O-O-O Bd6 14. Rd2 b5
15. Bb3 O-O 16. Rhd1 Be6 17. Ne3 b4 18. Bxe6 fxe6 19. Qc4 bxc3 20. Rxd6 cxd6
21. Qxc6 Qa5 22. Kb1 Rfc8 23. Qxd6 Rab8 24. b3 Kh7 25. Rc1 Rb6 26. Qxe5 Rc5 27.
Qd4 Rb4 28. Qd3 Rc8 29. e5+ Kh8 30. Rxc3 Rd8 31. Qc2 Rbb8 32. Nc4 Qd5 33. Nd6
Rf8 34. Ng5 g6 35. Ngf7+ Kg7 36. Rc7 Qxg2 37. Ng5+ Kh8 38. Rh7+ 1-0

[Event "4NCL (GBR-chT 9394)"]
[Site "Liverpool"]
[Date "1994.03.20"]
[Round "8.3"]
[White "Quillan, Gary"]
[Black "Baker, Chris"]
[Result "1/2-1/2"]
[WhiteElo "2300"]
[BlackElo "2260"]
[PlyCount "75"]
[EventDate "1994.03.20"]
[EventType "team"]
[EventCountry "ENG"]
[WhiteTeam "North West Eagles"]
[BlackTeam "Bristol"]
[WhiteTeamCountry "ENG"]
[BlackTeamCountry "ENG"]

1. e4 e5 2. Nf3 Nc6 3. Bb5 a6 4. Ba4 Nf6 5. O-O Be7 6. Re1 b5 7. Bb3 O-O 8. d4
d6 9. c3 Bg4 10. d5 Na5 11. Bc2 c6 12. h3 Bh5 13. dxc6 Qc7 14. Nbd2 Qxc6 15. a4
Rfe8 16. Nf1 Nc4 17. Ng3 Bg6 18. Nh4 d5 19. Nxg6 hxg6 20. exd5 Nxd5 21. Be4
Rad8 22. axb5 axb5 23. Qf3 f5 24. Bxd5+ Qxd5 25. Qxd5+ Rxd5 26. b3 Nd6 27. Ba3
Bh4 28. Rad1 Rxd1 29. Rxd1 Nf7 30. Ne2 Ra8 31. Bb4 Ra2 32. Kf1 Rb2 33. g3 Bf6
34. Rd5 Rxb3 35. Rxb5 Ng5 36. h4 Nf3 37. Rb8+ Kf7 38. Bd6 1/2-1/2

[Event "4NCL (GBR-chT 9394)"]
[Site "Liverpool"]
[Date "1994.03.20"]
[Round "8.4"]
[White "Beaumont, Chris"]
[Black "Littlewood, John E"]
[Result "1-0"]
[WhiteElo "2365"]
[BlackElo "2320"]
[PlyCount "89"]
[EventDate "1994.03.20"]
[EventType "team"]
[EventCountry "ENG"]
[WhiteTeam "Bristol"]
[BlackTeam "North West Eagles"]
[WhiteTeamCountry "ENG"]
[BlackTeamCountry "ENG"]

1. Nf3 g6 2. e4 Bg7 3. d4 d6 4. c4 c5 5. d5 Nf6 6. Nc3 O-O 7. h3 e6 8. Bd3 exd5
9. exd5 Re8+ 10. Be3 a6 11. a4 Nh5 12. O-O Nd7 13. Qd2 Ne5 14. Nxe5 Bxe5 15.
Bg5 Bf6 16. Bh6 Bd7 17. g4 Ng7 18. Ne4 Be5 19. Bg5 f6 20. Bh4 Rf8 21. Kg2 g5
22. Bg3 h5 23. Bxe5 fxe5 24. Qxg5 hxg4 25. hxg4 Qxg5 26. Nxg5 Rf4 27. f3 Rd4
28. Rfd1 Kf8 29. Ne4 Ke7 30. b3 Rg8 31. Kf2 Rh8 32. Ke3 Rh3 33. Nf2 Rh2 34. Be4
Ne8 35. Rh1 Rg2 36. Rag1 Rxg1 37. Rxg1 b5 38. axb5 axb5 39. Bd3 bxc4 40. bxc4
Ba4 41. Rb1 Nf6 42. Rb7+ Nd7 43. Ra7 e4 44. Nxe4 Bb3 45. Nd2 1-0

[Event "4NCL (GBR-chT 9394)"]
[Site "Liverpool"]
[Date "1994.03.20"]
[Round "8.5"]
[White "Smith, Alan A"]
[Black "Brooks, Philip"]
[Result "1/2-1/2"]
[WhiteElo "2265"]
[BlackElo "2192"]
[PlyCount "45"]
[EventDate "1994.03.20"]
[EventType "team"]
[EventCountry "ENG"]
[WhiteTeam "North West Eagles"]
[BlackTeam "Bristol"]
[WhiteTeamCountry "ENG"]
[BlackTeamCountry "ENG"]

1. e4 c5 2. Nf3 e6 3. Nc3 a6 4. g3 b5 5. d4 cxd4 6. Nxd4 Bb7 7. Bg2 Nc6 8. O-O
Nge7 9. Nb3 d6 10. f4 Ng6 11. Be3 Be7 12. Qd2 O-O 13. Rad1 Re8 14. Qf2 Qb8 15.
Rd2 Nf8 16. Rfd1 Qc7 17. Bf3 Bc8 18. e5 d5 19. Bb6 Qb8 20. Bc5 Bxc5 21. Nxc5
Ra7 22. Ne2 Rc7 23. c3 1/2-1/2

[Event "4NCL (GBR-chT 9394)"]
[Site "Liverpool"]
[Date "1994.03.20"]
[Round "8.6"]
[White "Truran, Michael"]
[Black "Lund, D Brett"]
[Result "1/2-1/2"]
[WhiteElo "2272"]
[BlackElo "2270"]
[PlyCount "87"]
[EventDate "1994.03.20"]
[EventType "team"]
[EventCountry "ENG"]
[WhiteTeam "Bristol"]
[BlackTeam "North West Eagles"]
[WhiteTeamCountry "ENG"]
[BlackTeamCountry "ENG"]

1. d4 f5 2. g3 Nf6 3. Bg2 g6 4. Nh3 Bg7 5. O-O O-O 6. c3 Nc6 7. d5 Ne5 8. a4 c6
9. dxc6 bxc6 10. Be3 Qc7 11. Qb3+ Kh8 12. Nd2 Rb8 13. Qa2 a5 14. Ng5 h6 15.
Ngf3 Neg4 16. Bc5 d6 17. Ba3 g5 18. Nd4 d5 19. h3 Ne5 20. c4 Ne4 21. Nxe4 Nxc4
22. Nxc6 Qxc6 23. Nc3 Nxa3 24. Qxa3 e6 25. Rac1 Qb6 26. Nb5 Bd7 27. Rc5 Rfc8
28. Rfc1 Rxc5 29. Rxc5 Kg8 30. Rc2 Bf8 31. Qf3 Bxb5 32. axb5 Qxb5 33. g4 fxg4
34. Qxg4 Qe8 35. h4 Rb4 36. e4 Qg6 37. Rc6 Kf7 38. Qf3+ Kg8 39. Rc8 Qg7 40.
exd5 Rf4 41. Qe3 exd5 42. Bxd5+ Kh8 43. h5 Qf6 44. Rc6 1/2-1/2

[Event "4NCL (GBR-chT 9394)"]
[Site "Liverpool"]
[Date "1994.03.20"]
[Round "8.7"]
[White "Tebb, David"]
[Black "Mordue, A Tyson"]
[Result "1/2-1/2"]
[WhiteElo "2290"]
[BlackElo "2240"]
[PlyCount "127"]
[EventDate "1994.03.20"]
[EventType "team"]
[EventCountry "ENG"]
[WhiteTeam "North West Eagles"]
[BlackTeam "Bristol"]
[WhiteTeamCountry "ENG"]
[BlackTeamCountry "ENG"]

1. e4 c5 2. Nc3 Nc6 3. g3 g6 4. Bg2 Bg7 5. d3 d6 6. f4 e6 7. Nf3 Nge7 8. O-O
O-O 9. Be3 Nd4 10. e5 Nef5 11. Bf2 Nxf3+ 12. Qxf3 Nd4 13. Qd1 dxe5 14. fxe5 Bd7
15. Ne4 Bc6 16. c3 Nf5 17. Bxc5 Bxe5 18. Bxf8 Qxf8 19. Qe2 Qg7 20. Nd2 Bxg2 21.
Kxg2 Rd8 22. d4 Bb8 23. Nf3 Nd6 24. Rad1 Re8 25. Ne5 f5 26. Rde1 a6 27. Nc4 Ne4
28. Nd2 Nf6 29. Qc4 Qd7 30. Re2 Nd5 31. Qd3 b5 32. Nb3 Qc6 33. Kg1 Ba7 34. Rfe1
Kf7 35. Nd2 Kg7 36. Nf3 h6 37. Ne5 Qd6 38. Qf3 h5 39. Nd3 Nf6 40. Qf4 Qxf4 41.
Nxf4 Ne4 42. Nd3 Kf6 43. a4 e5 44. axb5 exd4 45. cxd4 Bxd4+ 46. Kg2 axb5 47.
Ra1 Re6 48. Ra5 Rb6 49. Rc2 Kg5 50. Nf4 h4 51. Nd5 Rb8 52. Ne7 Bf6 53. Nc6 Rb7
54. gxh4+ Kxh4 55. Nb4 Kg5 56. Ra6 Bd4 57. Nd5 Rd7 58. Nc7 Be5 59. Nxb5 Rb7 60.
Nc3 Nc5 61. Ra5 Nd3 62. Rd2 Rxb2 63. Rxb2 Bxc3 64. Rbb5 1/2-1/2

[Event "4NCL (GBR-chT 9394)"]
[Site "Liverpool"]
[Date "1994.03.20"]
[Round "8.8"]
[White "Harwar, Julie"]
[Black "Sheldon, Ruth"]
[Result "0-1"]
[WhiteElo "2055"]
[BlackElo "2040"]
[PlyCount "98"]
[EventDate "1994.03.20"]
[EventType "team"]
[EventCountry "ENG"]
[WhiteTeam "Bristol"]
[BlackTeam "North West Eagles"]
[WhiteTeamCountry "ENG"]
[BlackTeamCountry "ENG"]

1. d4 Nf6 2. c4 g6 3. Nc3 Bg7 4. e4 d6 5. Nf3 O-O 6. Be2 Na6 7. O-O e5 8. Rb1
exd4 9. Nxd4 Nc5 10. f3 a5 11. Be3 c6 12. Qd2 Re8 13. Rfd1 Nfd7 14. Nc2 Be5 15.
Bd4 Ne6 16. Bxe5 dxe5 17. Qe3 Qe7 18. b3 Ndc5 19. a3 a4 20. b4 Nd7 21. c5 Ndf8
22. Bc4 Nf4 23. Kh1 N8e6 24. Ne2 Nxe2 25. Qxe2 Nf4 26. Qf2 Bd7 27. Ne3 Rad8 28.
Qc2 Ra8 29. Ba2 Ne6 30. Nc4 Nd4 31. Qf2 Be6 32. Nd6 Rf8 33. Bxe6 Nxe6 34. Qb2
Nd4 35. Rd3 b6 36. Qf2 Rab8 37. Rc1 bxc5 38. bxc5 Rb3 39. Rxb3 axb3 40. Qb2 Ra8
41. f4 Qa7 42. Nc4 Qxc5 43. fxe5 Ra4 44. Nd2 Qxa3 45. Qxa3 Rxa3 46. h3 b2 47.
Rb1 Ra1 48. Kh2 Rxb1 49. Nxb1 Ne2 0-1

[Event "4NCL (GBR-chT 9394)"]
[Site "Liverpool"]
[Date "1994.03.20"]
[Round "8.1"]
[White "Ward, Chris"]
[Black "Summerscale, Aaron"]
[Result "1/2-1/2"]
[WhiteElo "2460"]
[BlackElo "2355"]
[PlyCount "30"]
[EventDate "1994.03.20"]
[EventType "team"]
[EventCountry "ENG"]
[WhiteTeam "Invicta Knights"]
[BlackTeam "Slough"]
[WhiteTeamCountry "ENG"]
[BlackTeamCountry "ENG"]

1. d4 d5 2. c4 c6 3. Nc3 Nf6 4. e3 e6 5. Nf3 Nbd7 6. Qc2 Bd6 7. g4 h6 8. Rg1 e5
9. cxd5 cxd5 10. h3 e4 11. Nd2 a6 12. Qb3 Qa5 13. Be2 Nb6 14. Nf1 Qb4 15. Qxb4
Bxb4 1/2-1/2

[Event "4NCL (GBR-chT 9394)"]
[Site "Liverpool"]
[Date "1994.03.20"]
[Round "8.2"]
[White "Cummings, David"]
[Black "Ivanov, Alex"]
[Result "1/2-1/2"]
[WhiteElo "2376"]
[BlackElo "2535"]
[PlyCount "43"]
[EventDate "1994.03.20"]
[EventType "team"]
[EventCountry "ENG"]
[WhiteTeam "Slough"]
[BlackTeam "Invicta Knights"]
[WhiteTeamCountry "ENG"]
[BlackTeamCountry "ENG"]

1. d4 d5 2. c4 e6 3. Nc3 c5 4. cxd5 exd5 5. Nf3 Nc6 6. g3 Nf6 7. Bg2 Be7 8. O-O
O-O 9. dxc5 Bxc5 10. Bg5 d4 11. Bxf6 Qxf6 12. Nd5 Qd8 13. Nd2 Bg4 14. Nb3 Bb6
15. Re1 Re8 16. Rc1 Ba5 17. Nxa5 Qxa5 18. b4 Qxa2 19. Ra1 Qc4 20. Rc1 Qa2 21.
Ra1 Qc4 22. Rc1 1/2-1/2

[Event "4NCL (GBR-chT 9394)"]
[Site "Liverpool"]
[Date "1994.03.20"]
[Round "8.3"]
[White "McDonald, Neil"]
[Black "Richardson, John"]
[Result "1-0"]
[WhiteElo "2395"]
[BlackElo "2288"]
[PlyCount "107"]
[EventDate "1994.03.20"]
[EventType "team"]
[EventCountry "ENG"]
[WhiteTeam "Invicta Knights"]
[BlackTeam "Slough"]
[WhiteTeamCountry "ENG"]
[BlackTeamCountry "ENG"]

1. e4 e5 2. Nf3 Nc6 3. Bb5 Nge7 4. O-O g6 5. d4 exd4 6. Nxd4 Bg7 7. Be3 O-O 8.
Nc3 d6 9. Re1 Kh8 10. Qd2 f5 11. exf5 Nxd4 12. Bxd4 Nxf5 13. Bxg7+ Kxg7 14. Bd3
c6 15. Rad1 d5 16. Re5 Qf6 17. Rde1 Bd7 18. Bxf5 Bxf5 19. Re7+ Rf7 20. Rxf7+
Kxf7 21. Qf4 Rd8 22. g4 Bxc2 23. Qc7+ Kg8 24. Nxd5 cxd5 25. Qxc2 Qf3 26. Qe2
Qxe2 27. Rxe2 Kf7 28. Kg2 Kf6 29. f4 Rc8 30. Kf3 Rc1 31. g5+ Kf7 32. Re5 Rd1
33. h4 Rd2 34. b3 Rxa2 35. Rxd5 Rb2 36. Rd7+ Kg8 37. Rxb7 a5 38. Rb5 Kf7 39.
Ke4 Re2+ 40. Kd3 Rf2 41. Rxa5 Rxf4 42. Ra7+ Kg8 43. Ra4 Rf3+ 44. Kc2 h5 45. Re4
Rf2+ 46. Kc3 Rf1 47. b4 Rc1+ 48. Kd4 Rd1+ 49. Kc5 Kf7 50. b5 Rc1+ 51. Rc4 Rb1
52. b6 Ke7 53. Kc6 Kd8 54. b7 1-0

[Event "4NCL (GBR-chT 9394)"]
[Site "Liverpool"]
[Date "1994.03.20"]
[Round "8.4"]
[White "Houska, Miroslav"]
[Black "Clark, Gary M"]
[Result "1/2-1/2"]
[WhiteElo "2300"]
[BlackElo "2312"]
[PlyCount "61"]
[EventDate "1994.03.20"]
[EventType "team"]
[EventCountry "ENG"]
[WhiteTeam "Slough"]
[BlackTeam "Invicta Knights"]
[WhiteTeamCountry "ENG"]
[BlackTeamCountry "ENG"]

1. d4 Nf6 2. Nf3 g6 3. c4 Bg7 4. Nc3 d5 5. g3 O-O 6. Bg2 c6 7. O-O Ne4 8. cxd5
Nxc3 9. bxc3 cxd5 10. Ne5 Nd7 11. Nxd7 Qxd7 12. Qb3 e6 13. e4 dxe4 14. Bxe4 Qc7
15. Re1 e5 16. Ba3 Rd8 17. d5 Bf8 18. Bb2 Bd6 19. c4 Bd7 20. Rac1 b6 21. f4
Rac8 22. Kg2 Re8 23. Bf3 f6 24. fxe5 fxe5 25. h4 Re7 26. Be4 Rf8 27. Rc2 Bg4
28. Qe3 Qd7 29. Rf2 Rxf2+ 30. Qxf2 Rf7 31. Qd2 1/2-1/2

[Event "4NCL (GBR-chT 9394)"]
[Site "Liverpool"]
[Date "1994.03.20"]
[Round "8.5"]
[White "Hanreck, Alan"]
[Black "Webb, Richard M"]
[Result "1/2-1/2"]
[WhiteElo "2255"]
[BlackElo "2280"]
[PlyCount "88"]
[EventDate "1994.03.20"]
[EventType "team"]
[EventCountry "ENG"]
[WhiteTeam "Invicta Knights"]
[BlackTeam "Slough"]
[WhiteTeamCountry "ENG"]
[BlackTeamCountry "ENG"]

1. d4 Nf6 2. Nf3 g6 3. Bf4 Bg7 4. e3 d5 5. h3 c5 6. c3 Nbd7 7. Na3 O-O 8. Be2
b6 9. O-O Bb7 10. b4 Ne4 11. Qb3 c4 12. Qb2 f6 13. Rad1 a6 14. Bh2 b5 15. Nd2
Nb6 16. Nab1 Qd7 17. Kh1 a5 18. a3 axb4 19. axb4 Ra6 20. Nxe4 dxe4 21. Nd2 Rfa8
22. Ra1 Na4 23. Qc2 Qd5 24. f3 exf3 25. Bxf3 Qd7 26. Bxb7 Qxb7 27. e4 Nb6 28.
Rxa6 Rxa6 29. Nf3 Qa8 30. d5 Ra1 31. Rg1 Qa2 32. Qxa2 Rxa2 33. Nd4 f5 34. Nxb5
fxe4 35. Re1 Nxd5 36. Rxe4 Ra1+ 37. Bg1 Bxc3 38. Nxc3 Nxc3 39. Rxe7 Nd5 40.
Re8+ Kf7 41. Rc8 c3 42. Kh2 Rb1 43. Bd4 Rxb4 44. Bxc3 Nxc3 1/2-1/2

[Event "4NCL (GBR-chT 9394)"]
[Site "Liverpool"]
[Date "1994.03.20"]
[Round "8.6"]
[White "Finn, Simon"]
[Black "Dickenson, Neil"]
[Result "0-1"]
[WhiteElo "2315"]
[BlackElo "2232"]
[PlyCount "84"]
[EventDate "1994.03.20"]
[EventType "team"]
[EventCountry "ENG"]
[WhiteTeam "Slough"]
[BlackTeam "Invicta Knights"]
[WhiteTeamCountry "ENG"]
[BlackTeamCountry "ENG"]

1. e4 e6 2. d4 d5 3. Nd2 c5 4. Ngf3 cxd4 5. exd5 Qxd5 6. Bc4 Qd6 7. O-O Nf6 8.
Nb3 Nc6 9. Nbxd4 Nxd4 10. Qxd4 Qxd4 11. Nxd4 Bd7 12. Bf4 Rc8 13. Bb3 Bc5 14.
Rad1 O-O 15. Nf3 Rfd8 16. Ne5 Be8 17. Rfe1 Ne4 18. Ng4 h5 19. Rxd8 Rxd8 20. Ne3
g5 21. Be5 Rd2 22. Bc4 Bc6 23. Be2 f6 24. Bc7 g4 25. Ba5 Bxe3 26. Bxd2 Bxd2 27.
Rd1 Ba5 28. f3 Bb6+ 29. Kf1 g3 30. h4 Nc5 31. f4 Bc7 32. f5 exf5 33. Bxh5 Ne6
34. Rd2 Nf4 35. Bd1 Bb6 36. c3 Bb5+ 37. Ke1 Bf2+ 38. Rxf2 gxf2+ 39. Kxf2 Nd3+
40. Ke3 Nxb2 41. Bc2 Bc6 42. Kd4 f4 0-1

[Event "4NCL (GBR-chT 9394)"]
[Site "Liverpool"]
[Date "1994.03.20"]
[Round "8.7"]
[White "Bibby, Simon"]
[Black "Smith, Andrew P"]
[Result "0-1"]
[WhiteElo "2290"]
[BlackElo "2290"]
[PlyCount "74"]
[EventDate "1994.03.20"]
[EventType "team"]
[EventCountry "ENG"]
[WhiteTeam "Invicta Knights"]
[BlackTeam "Slough"]
[WhiteTeamCountry "ENG"]
[BlackTeamCountry "ENG"]

1. d4 d6 2. e4 Nd7 3. Nc3 e5 4. Be3 c6 5. g3 Be7 6. Nge2 Ngf6 7. h3 b5 8. a3
Bb7 9. Bg2 a6 10. O-O O-O 11. Kh1 Re8 12. g4 exd4 13. Nxd4 Ne5 14. g5 Nfd7 15.
f4 Nc4 16. Bc1 Bf8 17. b3 Ncb6 18. Nf5 d5 19. exd5 cxd5 20. Qd4 Nc5 21. Be3 Rc8
22. Ne2 Na8 23. Rad1 Ne6 24. Qd2 Qc7 25. Nfd4 Bxa3 26. c3 Bf8 27. Rg1 Nc5 28.
Ng3 Nb6 29. Ngf5 Ne4 30. Bxe4 dxe4 31. Rc1 Nd5 32. Ne2 Rcd8 33. Bd4 e3 34. Qe1
Nxf4+ 35. Kh2 Nxe2+ 36. Rg3 Nxg3 37. Nxg3 Qf4 0-1

[Event "4NCL (GBR-chT 9394)"]
[Site "Liverpool"]
[Date "1994.03.20"]
[Round "8.8"]
[White "Houska, Jovanka"]
[Black "Hunt, Harriet"]
[Result "0-1"]
[WhiteElo "1872"]
[BlackElo "2135"]
[PlyCount "110"]
[EventDate "1994.03.20"]
[EventType "team"]
[EventCountry "ENG"]
[WhiteTeam "Slough"]
[BlackTeam "Invicta Knights"]
[WhiteTeamCountry "ENG"]
[BlackTeamCountry "ENG"]

1. e4 c6 2. d4 d5 3. exd5 cxd5 4. Nf3 Nc6 5. c3 Nf6 6. Bd3 Bg4 7. Bf4 e6 8.
Nbd2 Bd6 9. Bg3 O-O 10. O-O Rb8 11. Re1 b5 12. a3 a5 13. b4 Bxg3 14. hxg3 a4
15. Qb1 Bxf3 16. Nxf3 Qc7 17. Qc2 Rfc8 18. Qe2 Qb6 19. Rac1 Rc7 20. g4 Rcb7 21.
g5 Ne8 22. g6 hxg6 23. Bxg6 fxg6 24. Qxe6+ Kf8 25. Ng5 Nf6 26. Qh3 Re7 27. Qh8+
Ng8 28. Ne6+ Rxe6 29. Rxe6 Kf7 30. Rce1 Qb7 31. Qh2 Rc8 32. Qf4+ Nf6 33. Qh4
Rg8 34. R6e3 Qd7 35. Rf3 Qc8 36. g4 Rh8 37. Qg5 Qd7 38. Qf4 Rh4 39. Rg3 Nd8 40.
f3 Ne6 41. Qe5 g5 42. Qf5 Qd6 43. Qe5 Qxe5 44. dxe5 Nd7 45. Rg2 Nf4 46. Rd2 Ke6
47. c4 bxc4 48. b5 Nb6 49. Re3 Rh8 50. Rd1 Rc8 51. Kf2 Rc5 52. Rb1 c3 53. Kf1
c2 54. Rc1 d4 55. Re4 Nd3 0-1